Excel para el agro : agro informática aplicada /
Guardado en:
| Autor Principal: | |
|---|---|
| Formato: | Libro |
| Publicado: |
Buenos Aires :
Orientación gráfica,
2004
|
| Materias: | |
| Etiquetas: |
Agregar Etiqueta
Sin Etiquetas, Sea el primero en etiquetar este registro!
|
| LEADER | 00968nam a22002175a 4500 | ||
|---|---|---|---|
| 001 | CEM.cems017175 | ||
| 005 | 20110524095257.0 | ||
| 008 | 130507s2004##################000#0#####d | ||
| 003 | CEMS | ||
| 020 | |a 9879260287 | ||
| 082 | 0 | 4 | |a 001.6425 |
| 100 | 1 | |a Aboaf Petit de Murat, Martín | |
| 245 | 1 | 0 | |a Excel para el agro : |b agro informática aplicada / |c Martín Aboaf Petit de Murat |
| 260 | |a Buenos Aires : |b Orientación gráfica, |c 2004 | ||
| 300 | |a 381 p. | ||
| 505 | 0 | |a Conocimiento básicos -- Tutorial para armar una planilla simple de gestión administrativa -- Tutorial de presupuesto agrícola -- Parte diario : como obtener y manejar la información -- Gestión administrativa dos -- Visual Basic para aplicaciones -- Rentabilidad o, la importancia de llevar gestión | |
| 653 | |a Excel | ||
| 653 | |a Agro-informática | ||
| 653 | |a Excel-aplicado al agro | ||
| 653 | |a Administración de empresas | ||
| 859 | |a CEMS |b BIB. CEMS - Agricultura |h 001.6425 |i Ab75 |p A0901.09 |t Ej.1 | ||
